000
00216 a2200109 4500
020
_a
9781250103796
041
_a
eng
100
_a
Andy Griffiths
245
_a
The 52 Story Treehouse
942
_c
BK
999
_c
29039
_d
29037
999
_d
29037